100 Premiers Mots de Harry Potter à l'école des sorciers - Statistiques

Statistiques générales
  • Ce quiz a été pris 1 029 fois
  • Le résultat moyen est 42 sur 100
Statistiques - réponses
Mot % Correct
à
89%
la
79%
et
78%
de
76%
Drive,
69%
Dursley,
68%
Dursley
68%
Privet
68%
4,
67%
au
66%
un
65%
Mr
60%
qui
60%
mais
59%
Mrs
59%
des
58%
une
58%
en
54%
pour
54%
ce
53%
elle,
52%
habitaient
52%
Ils
49%
se
49%
grand
47%
étaient
46%
que
46%
pas
45%
avaient
42%
était
42%
cou,
41%
cou
41%
ou
41%
avec
40%
normaux,
40%
plus
39%
grande
38%
eux.
37%
merci
35%
parfaitement
34%
dans
33%
moustache
31%
toujours
30%
quant
29%
entreprise
28%
homme
28%
perceuses.
28%
quoi
28%
qu'ils
27%
affirmé
24%
fabriquait
24%
fierté
24%
mince
23%
soit
23%
belle
21%
Jamais
21%
n'avait
21%
dirigeait
20%
Grunnings,
19%
possédait
19%
taille.
19%
deux
18%
revanche
18%
blonde
17%
C'était
17%
fois
17%
d'étrange
16%
n'avaient
16%
quiconque
16%
temps
16%
massif,
15%
n'aurait
15%
pratiquement
15%
mystérieux.
14%
perdre
14%
sornettes.
14%
imaginé
13%
puissent
13%
impliqués
12%
trouver
12%
d'un
10%
disposait
7%
Aucun quiz correspondant
Distribution des résultats
% des personnes avec chaque résultat
Percentile par nombre de réponses
Votre historique - résultats
Vous n’avez pas pris ce quiz